00274nam a2200109Ia 4500008004100000100002200041245001800063260000900081300003200090440002400122650001800146180117s9999 xx 000 0 und d aby Alex Y Vergara 2aA fresh start c2017 a22-24 pages, 2017 January 8 aPhilippine Panorama aA FRESH STRAT